000 00544nam a2200205Ia 4500
008 180207s9999 xx 000 0 und d
020 _a9780307113701
050 _bH893 1984
100 _aHughes, John
245 _aMasters of the universe :
245 _bmask of evil /
245 _cby John Hughes ; illustrated by Al McWilliams.
260 _aRacine, Wisconsin :
260 _bWestern Publishing Company, Inc.,
260 _c1984
300 _aunpaged :
300 _bchiefly colored ;
300 _c21cm.
440 _aGolden.
999 _c355736
_d355736